Tallest statues in the world - Statistics

General Stats
  • This quiz has been taken 11 times
  • The average score is 10 of 19
Answer Stats
Country Height Year completed Answer % Correct
China 79 m (259 ft) 1996 Grand Buddha at Ling Shan
90%
Thailand 92 m (302 ft) 2008 Great Buddha of Thailand
90%
China 128 m (420 ft) 2008 Spring Temple Buddha
90%
Japan 100 m (330 ft) 1993 Ushiku Daibutsu
90%
Myanmar 77.9 m (256 ft) 2019 Gautama Buddha
70%
India 182 m (597 ft) 2018 Statue of Unity
60%
Japan 80 m (260 ft) 1982 Awaji Kannon
50%
Japan 88 m (289 ft) 1989 Dai Kannon of Kita no Miyako park
50%
China 78 m (256 ft) 2005 Guanyin of Nanshan
50%
China 99 m (325 ft) 2009 Guishan Guanyin
50%
Japan 73 m (240 ft) 1987 Kaga Kannon
50%
China 76 m (249 ft) 2012 Ruyilun Guanyin statue in Tsz Shan Monastery
50%
Japan 100 m (330 ft) 1991 Sendai Daikannon
50%
Russia 85 m (279 ft) 1967 The Motherland Calls
50%
Indonesia 76 m (249 ft) 2018 Garuda Wisnu Kencana
40%
Philippines 88 m (289 ft) 2021 Mother of All Asia - Tower of peace
20%
India 107 m (351 ft) 2020 Statue of Belief
20%
China 76 m (249 ft) 2012 Statue of Dizang at Mount Jiuhua
10%
Myanmar 115 m (380 ft) 2008 Laykyun Sekkya
0%
No matching quizzes found
Score Distribution
Percent of People with Each Score
Percentile by Number Answered
Your Score History
You have not taken this quiz